Socialistická tovarová výroba Doplnené texty prednášok

Gespeichert in:
Bibliographische Detailangaben
1. Verfasser: Pavlenda, Viktor
Format: Buch
Sprache:Slowakisch
Veröffentlicht: Bratislava Slovenské pedagogické nakladateľstvo 1958
Ausgabe:1. vyd.
Tags: Tag hinzufügen
Keine Tags, Fügen Sie das erste Tag hinzu!

MARC

LEADER 00000nam a2200000 4500
001 c036764
005 20221220103650.4
041 0 |a slo 
044 |a SK 
245 1 0 |a Socialistická tovarová výroba  |b Doplnené texty prednášok  |c Viktor Pavlenda 
250 |a 1. vyd. 
264 1 |a Bratislava  |b Slovenské pedagogické nakladateľstvo  |c 1958 
300 |a 203 s. 
100 1 |a Pavlenda, Viktor